000 00452nam a2200157 i 4500
001 74755
003 ES-MaACL
005 20230906172231.0
007 t|
008 040920s1972 sp ||||1| spa d
100 1 _aGonzález del Valle, Máximo.
_958595
245 1 4 _aLos ángeles vuelven /
_cMáximo González del Valle.
260 _a[Palencia :
_bs.n.],
_c1972 (
_fImp. Merino)
300 _a133 p. ;
_c22 cm.
852 _aES-MaACL
_jC-47963
_bR.82737
999 _c74755
_d74755